{"text_format":"3","workbook":"xlsx","n_sheets":1,"sheets":["t256"],"read":"whole","date_system":"1900"}

{"sheet":"t256","index":0,"n_rows":240,"n_cols":7,"rows_kept":240,"merged":[[0,0,0,6],[30,0,30,5],[54,0,54,5],[167,0,167,5]]}
["TABELA 256.1 - Estatísticas Agrícolas, Município de Itapeva, Estado de São Paulo, 2007/08."]
["ITEM","UNIDADE","N.DE UPAs","MÍNIMO","MÉDIO","MÁXIMO","TOTAL"]
["Distância à sede do município","km",{"v":2066,"d":"2,066"},0.1,{"v":26.58,"d":"26.6"},{"v":70,"d":"70.0"},"-"]
["Área total","hectare",{"v":2066,"d":"2,066"},0.1,{"v":82.31,"d":"82.3"},{"v":8530,"d":"8,530.0"},{"v":170056.62,"d":"170,056.6"}]
["Área com cultura perene","hectare",347,0.1,{"v":1.72,"d":"1.7"},{"v":167,"d":"167.0"},596.7]
["Área com cultura temporária","hectare",{"v":1283,"d":"1,283"},0.1,{"v":39.19,"d":"39.2"},{"v":1900,"d":"1,900.0"},{"v":50284.8,"d":"50,284.8"}]
["Área com pastagem","hectare",{"v":1632,"d":"1,632"},0.1,{"v":35.42,"d":"35.4"},{"v":1759.5,"d":"1,759.5"},{"v":57807.4,"d":"57,807.4"}]
["Área com reflorestamento","hectare",290,0.1,{"v":111.75,"d":"111.8"},{"v":5724,"d":"5,724.0"},{"v":32408.2,"d":"32,408.2"}]
["Área com vegetação natural","hectare",{"v":1416,"d":"1,416"},0.1,{"v":14.97,"d":"15.0"},{"v":1250,"d":"1,250.0"},{"v":21192.32,"d":"21,192.3"}]
["Área com vegetação de brejo e várzea","hectare",46,0.1,6.8,196.6,312.6]
["Área em descanso","hectare",286,0.1,{"v":9.17,"d":"9.2"},{"v":484,"d":"484.0"},{"v":2622.8,"d":"2,622.8"}]
["Área complementar","hectare",{"v":1806,"d":"1,806"},0.1,{"v":2.68,"d":"2.7"},{"v":1556,"d":"1,556.0"},{"v":4831.8,"d":"4,831.8"}]
["Área das UPAs com (0, 1] ha","hectare",25,0.1,{"v":0.68,"d":"0.7"},{"v":1,"d":"1.0"},16.9]
["Área das UPAs com (1, 2] ha","hectare",30,1.2,1.5,{"v":2,"d":"2.0"},{"v":45,"d":"45.0"}]
["Área das UPAs com (2, 5] ha","hectare",275,2.1,{"v":3.73,"d":"3.7"},{"v":5,"d":"5.0"},{"v":1026.6,"d":"1,026.6"}]
["Área das UPAs com (5, 10] ha","hectare",284,5.2,{"v":7.88,"d":"7.9"},{"v":10,"d":"10.0"},{"v":2237.42,"d":"2,237.4"}]
["Área das UPAs com (10, 20] ha","hectare",516,10.1,{"v":15.41,"d":"15.4"},{"v":20,"d":"20.0"},{"v":7950.5,"d":"7,950.5"}]
["Área das UPAs com (20, 50] ha","hectare",413,20.3,{"v":32.38,"d":"32.4"},{"v":50,"d":"50.0"},{"v":13372.7,"d":"13,372.7"}]
["Área das UPAs com (50, 100] ha","hectare",210,50.1,71.9,{"v":100,"d":"100.0"},{"v":15098.4,"d":"15,098.4"}]
["Área das UPAs com (100, 200] ha","hectare",132,101.6,139.6,{"v":200,"d":"200.0"},{"v":18426.8,"d":"18,426.8"}]
["Área das UPAs com (200, 500] ha","hectare",119,{"v":202,"d":"202.0"},{"v":322.77,"d":"322.8"},{"v":500,"d":"500.0"},{"v":38410,"d":"38,410.0"}]
["Área das UPAs com (500, 1.000] ha","hectare",42,500.9,{"v":695.99,"d":"696.0"},{"v":1000,"d":"1,000.0"},{"v":29231.5,"d":"29,231.5"}]
["Área das UPAs com (1.000, 2.000] ha","hectare",14,{"v":1002.1,"d":"1,002.1"},{"v":1344.59,"d":"1,344.6"},{"v":1801,"d":"1,801.0"},{"v":18824.3,"d":"18,824.3"}]
["Área das UPAs com (2.000, 5.000] ha","hectare",4,{"v":2129,"d":"2,129.0"},{"v":2937.48,"d":"2,937.5"},{"v":3800,"d":"3,800.0"},{"v":11749.9,"d":"11,749.9"}]
["Área das UPAs com (5.000, 10.000] ha","hectare",2,{"v":5136.6,"d":"5,136.6"},{"v":6833.3,"d":"6,833.3"},{"v":8530,"d":"8,530.0"},{"v":13666.6,"d":"13,666.6"}]
["Área das UPAs acima de 10.000 ha","hectare","-","-","-","-","-"]
["Familiares do proprietário que trabalham na UPA","unidade",{"v":1632,"d":"1,632"},{"v":1,"d":"1.0"},2.3,{"v":15,"d":"15.0"},{"v":3751,"d":"3,751.0"}]
["Trabalhadores permanentes","unidade",455,{"v":1,"d":"1.0"},{"v":4.04,"d":"4.0"},{"v":150,"d":"150.0"},{"v":1839,"d":"1,839.0"}]
["Fonte: Secretaria de Agricultura e Abastecimento, CDRS/IEA, Projeto LUPA."]
[]
["TABELA 256.2 - Explorações Animais, Município de Itapeva, Estado de São Paulo, 2007/08."]
["ITEM","UNIDADE","N.DE UPAs","MÍNIMO","MÉDIO","MÁXIMO","TOTAL"]
["Apicultura","colmeias",7,{"v":4,"d":"4.0"},{"v":20.57,"d":"20.6"},{"v":80,"d":"80.0"},{"v":144,"d":"144.0"}]
["Asininos E Muares","cabeças",129,{"v":1,"d":"1.0"},1.9,{"v":8,"d":"8.0"},{"v":245,"d":"245.0"}]
["Avicultura de Corte","cabeças/ano",32,{"v":5,"d":"5.0"},{"v":335.19,"d":"335.2"},{"v":8000,"d":"8,000.0"},{"v":10726,"d":"10,726.0"}]
["Avicultura Ornamental/Decorativa/Exótica","cabeças",5,{"v":2,"d":"2.0"},{"v":24,"d":"24.0"},{"v":50,"d":"50.0"},{"v":120,"d":"120.0"}]
["Avicultura para Ovos","cabeças",51,{"v":4,"d":"4.0"},{"v":65.86,"d":"65.9"},{"v":1000,"d":"1,000.0"},{"v":3359,"d":"3,359.0"}]
["Bovinocultura de Corte","cabeças",323,{"v":1,"d":"1.0"},{"v":108.27,"d":"108.3"},{"v":2357,"d":"2,357.0"},{"v":34971,"d":"34,971.0"}]
["Bovinocultura Leiteira","cabeças",273,{"v":1,"d":"1.0"},16.2,{"v":160,"d":"160.0"},{"v":4422,"d":"4,422.0"}]
["Bovinocultura Mista","cabeças",922,{"v":1,"d":"1.0"},{"v":28.55,"d":"28.6"},{"v":1300,"d":"1,300.0"},{"v":26324,"d":"26,324.0"}]
["Bubalinocultura","cabeças",2,{"v":22,"d":"22.0"},24.5,{"v":27,"d":"27.0"},{"v":49,"d":"49.0"}]
["Caprinocultura","cabeças",27,{"v":1,"d":"1.0"},10.7,{"v":101,"d":"101.0"},{"v":289,"d":"289.0"}]
["Cunicultura","cabeças",9,{"v":1,"d":"1.0"},{"v":179.33,"d":"179.3"},{"v":1500,"d":"1,500.0"},{"v":1614,"d":"1,614.0"}]
["Equinocultura","cabeças",967,{"v":1,"d":"1.0"},{"v":2.95,"d":"3.0"},{"v":123,"d":"123.0"},{"v":2849,"d":"2,849.0"}]
["Helicicultura","viveiros",3,{"v":1,"d":"1.0"},{"v":2.67,"d":"2.7"},{"v":5,"d":"5.0"},{"v":8,"d":"8.0"}]
["Javalis (Criadouro)","cabeças",2,{"v":20,"d":"20.0"},70.5,{"v":121,"d":"121.0"},{"v":141,"d":"141.0"}]
["Minhocultura","canteiros",3,{"v":1,"d":"1.0"},{"v":3.67,"d":"3.7"},{"v":6,"d":"6.0"},{"v":11,"d":"11.0"}]
["Outra Exploração Animal","cabeças",81,{"v":1,"d":"1.0"},{"v":4.16,"d":"4.2"},{"v":31,"d":"31.0"},{"v":337,"d":"337.0"}]
["Ovinocultura","cabeças",57,{"v":1,"d":"1.0"},{"v":48.39,"d":"48.4"},{"v":400,"d":"400.0"},{"v":2758,"d":"2,758.0"}]
["Piscicultura","m² tanques",6,{"v":1,"d":"1.0"},{"v":8335.17,"d":"8,335.2"},{"v":48400,"d":"48,400.0"},{"v":50011,"d":"50,011.0"}]
["Ranicultura","girinos/ano",1,{"v":5,"d":"5.0"},{"v":5,"d":"5.0"},{"v":5,"d":"5.0"},{"v":5,"d":"5.0"}]
["Suinocultura","cabeças",279,{"v":1,"d":"1.0"},{"v":16.09,"d":"16.1"},{"v":350,"d":"350.0"},{"v":4490,"d":"4,490.0"}]
["Fonte: Secretaria de Agricultura e Abastecimento, CDRS/IEA, Projeto LUPA."]
[]
["TABELA 256.3 -  Máquinas, Implementos e Benfeitorias, Município de Itapeva, Estado de São Paulo, 2007/08."]
["ITEM","UNIDADE","N.DE UPAs","MÍNIMO","MÉDIO","MÁXIMO","TOTAL"]
["Arado Comum (Bacia, Aiveca)","Unidade",186,{"v":1,"d":"1.0"},{"v":1.22,"d":"1.2"},{"v":5,"d":"5.0"},{"v":227,"d":"227.0"}]
["Arado Escarificador","Unidade",97,{"v":1,"d":"1.0"},{"v":1.12,"d":"1.1"},{"v":3,"d":"3.0"},{"v":109,"d":"109.0"}]
["Arado Subsolador","Unidade",48,{"v":1,"d":"1.0"},{"v":1.04,"d":"1.0"},{"v":2,"d":"2.0"},{"v":50,"d":"50.0"}]
["Batedeira de Cereais","Unidade",144,{"v":1,"d":"1.0"},{"v":1.22,"d":"1.2"},{"v":4,"d":"4.0"},{"v":176,"d":"176.0"}]
["Câmara Fria","Unidade",1,{"v":1,"d":"1.0"},{"v":1,"d":"1.0"},{"v":1,"d":"1.0"},{"v":1,"d":"1.0"}]
["Carregadeira de Cana","Unidade",4,{"v":1,"d":"1.0"},{"v":1,"d":"1.0"},{"v":1,"d":"1.0"},{"v":4,"d":"4.0"}]
["Colhedeira Acoplada","Unidade",35,{"v":1,"d":"1.0"},{"v":1.17,"d":"1.2"},{"v":3,"d":"3.0"},{"v":41,"d":"41.0"}]
["Colhedeira Automotriz","Unidade",49,{"v":1,"d":"1.0"},{"v":1.47,"d":"1.5"},{"v":4,"d":"4.0"},{"v":72,"d":"72.0"}]
["Computador","Unidade",2,{"v":1,"d":"1.0"},{"v":1,"d":"1.0"},{"v":1,"d":"1.0"},{"v":2,"d":"2.0"}]
["Conj.Irrigação Autopropelido","Unidade",8,{"v":1,"d":"1.0"},{"v":1.25,"d":"1.3"},{"v":2,"d":"2.0"},{"v":10,"d":"10.0"}]
["Conj.Irrigação Convencional","Unidade",35,{"v":1,"d":"1.0"},{"v":1.06,"d":"1.1"},{"v":2,"d":"2.0"},{"v":37,"d":"37.0"}]
["Conj.Irrigação Pivot Central","Unidade",25,{"v":1,"d":"1.0"},2.4,{"v":6,"d":"6.0"},{"v":60,"d":"60.0"}]
["Conj.Irrigação/Gotejamento/Microaspersão","Unidade",4,{"v":1,"d":"1.0"},{"v":1,"d":"1.0"},{"v":1,"d":"1.0"},{"v":4,"d":"4.0"}]
["Conjunto de Fenação","Unidade",2,{"v":1,"d":"1.0"},{"v":1,"d":"1.0"},{"v":1,"d":"1.0"},{"v":2,"d":"2.0"}]
["Desintegrador de Palha (Plantio Direto)","Unidade",16,{"v":1,"d":"1.0"},{"v":1,"d":"1.0"},{"v":1,"d":"1.0"},{"v":16,"d":"16.0"}]
["Desintegrador, Picador, Triturador","Unidade",319,{"v":1,"d":"1.0"},1.1,{"v":7,"d":"7.0"},{"v":351,"d":"351.0"}]
["Distribuidor de Calcário","Unidade",44,{"v":1,"d":"1.0"},{"v":1.14,"d":"1.1"},{"v":3,"d":"3.0"},{"v":50,"d":"50.0"}]
["Ensiladeira","Unidade",33,{"v":1,"d":"1.0"},{"v":1.03,"d":"1.0"},{"v":2,"d":"2.0"},{"v":34,"d":"34.0"}]
["Grade Aradora (Tipo Romi)","Unidade",109,{"v":1,"d":"1.0"},{"v":1.25,"d":"1.3"},{"v":5,"d":"5.0"},{"v":136,"d":"136.0"}]
["Grade Niveladora","Unidade",141,{"v":1,"d":"1.0"},1.2,{"v":6,"d":"6.0"},{"v":169,"d":"169.0"}]
["Implementos para Tração Animal","Unidade",75,{"v":1,"d":"1.0"},{"v":1.16,"d":"1.2"},{"v":4,"d":"4.0"},{"v":87,"d":"87.0"}]
["Microtrator","Unidade",8,{"v":1,"d":"1.0"},1.5,{"v":3,"d":"3.0"},{"v":12,"d":"12.0"}]
["Misturador de Ração","Unidade",9,{"v":1,"d":"1.0"},{"v":1,"d":"1.0"},{"v":1,"d":"1.0"},{"v":9,"d":"9.0"}]
["Ordenhadeira Mecânica","Unidade",17,{"v":1,"d":"1.0"},{"v":1.06,"d":"1.1"},{"v":2,"d":"2.0"},{"v":18,"d":"18.0"}]
["Pulverizador Tratorizado","Unidade",164,{"v":1,"d":"1.0"},{"v":1.34,"d":"1.3"},{"v":4,"d":"4.0"},{"v":220,"d":"220.0"}]
["Resfriador de Leite, Tanque Expansão","Unidade",6,{"v":1,"d":"1.0"},{"v":1,"d":"1.0"},{"v":1,"d":"1.0"},{"v":6,"d":"6.0"}]
["Semeadeira/Adubadeira para Plantio Convencional","Unidade",109,{"v":1,"d":"1.0"},{"v":1.12,"d":"1.1"},{"v":3,"d":"3.0"},{"v":122,"d":"122.0"}]
["Semeadeira/Plantadeira Plantio Direto","Unidade",63,{"v":1,"d":"1.0"},{"v":1.54,"d":"1.5"},{"v":5,"d":"5.0"},{"v":97,"d":"97.0"}]
["Terraceador","Unidade",30,{"v":1,"d":"1.0"},1.3,{"v":5,"d":"5.0"},{"v":39,"d":"39.0"}]
["Trator de Esteiras","Unidade",31,{"v":1,"d":"1.0"},{"v":1.19,"d":"1.2"},{"v":3,"d":"3.0"},{"v":37,"d":"37.0"}]
["Trator de Pneus","Unidade",470,{"v":1,"d":"1.0"},{"v":1.74,"d":"1.7"},{"v":22,"d":"22.0"},{"v":817,"d":"817.0"}]
["Açude/Represa","Unidade",475,{"v":1,"d":"1.0"},{"v":1.83,"d":"1.8"},{"v":18,"d":"18.0"},{"v":870,"d":"870.0"}]
["Almoxarifado/Oficina","Unidade",57,{"v":1,"d":"1.0"},{"v":1.04,"d":"1.0"},{"v":2,"d":"2.0"},{"v":59,"d":"59.0"}]
["Armazém para Grãos Ensacados","Sacas",110,{"v":1,"d":"1.0"},{"v":843.51,"d":"843.5"},{"v":30000,"d":"30,000.0"},{"v":92786,"d":"92,786.0"}]
["Balança para Bovinos","Unidade",41,{"v":1,"d":"1.0"},{"v":1,"d":"1.0"},{"v":1,"d":"1.0"},{"v":41,"d":"41.0"}]
["Balança para Veículos","Unidade",4,{"v":1,"d":"1.0"},{"v":1.25,"d":"1.3"},{"v":2,"d":"2.0"},{"v":5,"d":"5.0"}]
["Barracão para Bicho da Seda/Sirgaria","Unidade",1,{"v":1,"d":"1.0"},{"v":1,"d":"1.0"},{"v":1,"d":"1.0"},{"v":1,"d":"1.0"}]
["Barracão para Granja/Avicultura","Unidade",40,{"v":1,"d":"1.0"},{"v":1.63,"d":"1.6"},{"v":10,"d":"10.0"},{"v":65,"d":"65.0"}]
["Barracão/Galpão/Garagem","Unidade",819,{"v":1,"d":"1.0"},{"v":1.38,"d":"1.4"},{"v":9,"d":"9.0"},{"v":1133,"d":"1,133.0"}]
["Biodigestor","Unidade",5,{"v":1,"d":"1.0"},1.4,{"v":3,"d":"3.0"},{"v":7,"d":"7.0"}]
["Casa de Moradia Habitada","Unidade",{"v":1620,"d":"1,620"},{"v":1,"d":"1.0"},{"v":1.89,"d":"1.9"},{"v":50,"d":"50.0"},{"v":3068,"d":"3,068.0"}]
["Casa de Moradia Total","Unidade",939,{"v":1,"d":"1.0"},{"v":2.08,"d":"2.1"},{"v":50,"d":"50.0"},{"v":1951,"d":"1,951.0"}]
["Curral/Mangueira","Unidade",840,{"v":1,"d":"1.0"},{"v":1.07,"d":"1.1"},{"v":12,"d":"12.0"},{"v":900,"d":"900.0"}]
["Depósito/Tulha","Unidade",251,{"v":1,"d":"1.0"},{"v":1.11,"d":"1.1"},{"v":4,"d":"4.0"},{"v":278,"d":"278.0"}]
["Engenho","Unidade",6,{"v":1,"d":"1.0"},{"v":1,"d":"1.0"},{"v":1,"d":"1.0"},{"v":6,"d":"6.0"}]
["Estábulo","Unidade",40,{"v":1,"d":"1.0"},{"v":1.05,"d":"1.1"},{"v":3,"d":"3.0"},{"v":42,"d":"42.0"}]
["Estufa/Plasticultura","m²",8,{"v":1,"d":"1.0"},{"v":76.63,"d":"76.6"},{"v":600,"d":"600.0"},{"v":613,"d":"613.0"}]
["Fábrica de Farinha","Unidade",1,{"v":1,"d":"1.0"},{"v":1,"d":"1.0"},{"v":1,"d":"1.0"},{"v":1,"d":"1.0"}]
["Fábrica de Ração","Unidade",1,{"v":1,"d":"1.0"},{"v":1,"d":"1.0"},{"v":1,"d":"1.0"},{"v":1,"d":"1.0"}]
["Instalações para Equinos","Unidade",15,{"v":1,"d":"1.0"},{"v":1.53,"d":"1.5"},{"v":6,"d":"6.0"},{"v":23,"d":"23.0"}]
["Máquina de Benefício","Unidade",4,{"v":1,"d":"1.0"},{"v":1.25,"d":"1.3"},{"v":2,"d":"2.0"},{"v":5,"d":"5.0"}]
["Olaria","Unidade",1,{"v":1,"d":"1.0"},{"v":1,"d":"1.0"},{"v":1,"d":"1.0"},{"v":1,"d":"1.0"}]
["Packing House","Unidade",2,{"v":1,"d":"1.0"},{"v":1,"d":"1.0"},{"v":1,"d":"1.0"},{"v":2,"d":"2.0"}]
["Pocilga","Unidade",287,{"v":1,"d":"1.0"},{"v":1.83,"d":"1.8"},{"v":200,"d":"200.0"},{"v":525,"d":"525.0"}]
["Poço Semi-Artesiano","Unidade",12,{"v":1,"d":"1.0"},{"v":1.25,"d":"1.3"},{"v":4,"d":"4.0"},{"v":15,"d":"15.0"}]
["Posto Meteorológico","Unidade",9,{"v":1,"d":"1.0"},{"v":1,"d":"1.0"},{"v":1,"d":"1.0"},{"v":9,"d":"9.0"}]
["Secador de Grãos","Unidade",10,{"v":1,"d":"1.0"},1.1,{"v":2,"d":"2.0"},{"v":11,"d":"11.0"}]
["Silo para Grãos","t",5,{"v":1,"d":"1.0"},1.8,{"v":3,"d":"3.0"},{"v":9,"d":"9.0"}]
["Silo para Silagem","t",22,{"v":1,"d":"1.0"},7.5,{"v":100,"d":"100.0"},{"v":165,"d":"165.0"}]
["Terreiro","m²",107,{"v":1,"d":"1.0"},{"v":203.71,"d":"203.7"},{"v":3000,"d":"3,000.0"},{"v":21797,"d":"21,797.0"}]
["Fonte: Secretaria de Agricultura e Abastecimento, CDRS/IEA, Projeto LUPA."]
[]
["TABELA 256.4 - Outras Estatísticas Agrícolas, Município de Itapeva, Estado de São Paulo, 2007/08."]
["ITEM","Número de UPAs",null,"Percentual"]
["Faz Parte de Associação de Produtores",98,null,{"v":4.738878143133462,"d":"4.7"}]
["Faz Parte de Cooperativa de Produtores",74,null,{"v":3.5783365570599615,"d":"3.6"}]
["Faz Parte do Sindicato de Produtores",208,null,{"v":10.058027079303674,"d":"10.1"}]
["Não utiliza assistência técnica ",{"v":1124,"d":"1,124"},null,{"v":54.35203094777563,"d":"54.4"}]
["Utiliza somente assistência técnica governamental ",670,null,{"v":32.398452611218566,"d":"32.4"}]
["Utiliza somente assistência técnica privada ",132,null,{"v":6.382978723404255,"d":"6.4"}]
["Utiliza assistência técnica tanto governamental quanto privada",140,null,{"v":6.7698259187620895,"d":"6.8"}]
["Utiliza Crédito Rural",225,null,{"v":10.880077369439071,"d":"10.9"}]
["Utiliza Seguro Rural",36,null,{"v":1.7408123791102514,"d":"1.7"}]
["Utiliza Escrituração Agrícola",482,null,{"v":23.30754352030948,"d":"23.3"}]
["Acessa Internet p/ Fins na Agropecuária",39,null,{"v":1.885880077369439,"d":"1.9"}]
["Utiliza Computador nas Atividades Agropecuárias",57,null,{"v":2.756286266924565,"d":"2.8"}]
["Utiliza Energia Elétrica Para Uso na Atividade Agrícola",{"v":1777,"d":"1,777"},null,{"v":85.9284332688588,"d":"85.9"}]
["Realiza Análise de Solo, quando necessário",409,null,{"v":19.777562862669246,"d":"19.8"}]
["Utiliza Práticas de Conservação de Solo, quando necessário",903,null,{"v":43.665377176015475,"d":"43.7"}]
["Faz Adubação Mineral, quando necessário",484,null,{"v":23.404255319148938,"d":"23.4"}]
["Faz Adubação Orgânica, quando necessário",111,null,{"v":5.3675048355899415,"d":"5.4"}]
["Faz Adubação Verde, quando necessário",86,null,{"v":4.158607350096712,"d":"4.2"}]
["Utiliza Manejo Integrado de Pragas (MIP)",24,null,{"v":1.1605415860735009,"d":"1.2"}]
["Utiliza Hidroponia",2,null,{"v":0.09671179883945842,"d":"0.1"}]
["Utiliza Plasticultura",9,null,{"v":0.43520309477756286,"d":"0.4"}]
["Utiliza Mudas Fiscalizadas",123,null,{"v":5.947775628626693,"d":"5.9"}]
["Utiliza Semente Melhorada",869,null,{"v":42.02127659574468,"d":"42.0"}]
["Faz Confinamento de Bovinos",15,null,{"v":0.7253384912959381,"d":"0.7"}]
["Utiliza Pastejo Intensivo",177,null,{"v":8.55899419729207,"d":"8.6"}]
["Faz Inseminação Artificial",27,null,{"v":1.3056092843326885,"d":"1.3"}]
["Faz Mineralização do Rebanho",{"v":1335,"d":"1,335"},null,{"v":64.55512572533848,"d":"64.6"}]
["Faz Vermifugação do Rebanho",{"v":1345,"d":"1,345"},null,{"v":65.03868471953578,"d":"65.0"}]
["Possui Parceiros /Arrendatários na Exploração Animal",89,null,{"v":4.3036750483559,"d":"4.3"}]
["Esporte e lazer","-",null,"-"]
["Extração mineral","-",null,"-"]
["Hotel Fazenda, Pousada ou SPA",1,null,{"v":0.04835589941972921,"d":"0.0"}]
["Pesque-pague",1,null,{"v":0.04835589941972921,"d":"0.0"}]
["Restaurante ou Lanchonete",2,null,{"v":0.09671179883945842,"d":"0.1"}]
["Transformação artesanal","-",null,"-"]
["Turismo rural ou ecoturismo","-",null,"-"]
["Outras atividades econômicas rurais",1,null,{"v":0.04835589941972921,"d":"0.0"}]
["Agroindústria","-",null,"-"]
["Proprietário sem instrução ou com instrução incompleta",531,null,{"v":25.67698259187621,"d":"25.7"}]
["Proprietário com antigo primário completo",849,null,{"v":41.05415860735009,"d":"41.1"}]
["Proprietário com 1° grau (ou antigo ginasial) completo",233,null,{"v":11.266924564796904,"d":"11.3"}]
["Proprietário com 2° grau (ou antigo colegial) completo",199,null,{"v":9.62282398452611,"d":"9.6"}]
["Proprietário com curso superior completo ",225,null,{"v":10.880077369439071,"d":"10.9"}]
["Pessoa Jurídica",29,null,{"v":1.402321083172147,"d":"1.4"}]
["Proprietário residente na própria UPA ",{"v":1018,"d":"1,018"},null,{"v":49.22630560928433,"d":"49.2"}]
["Fonte: Secretaria de Agricultura e Abastecimento, CDRS/IEA, Projeto LUPA."]
[]
["TABELA 256.5 - Área Cultivada, Município de Itapeva, Estado de São Paulo, 2007/08."]
["CULTURA","N.DE UPAs","MÍNIMO","MÉDIO","MÁXIMO","TOTAL"]
["Braquiaria",{"v":1607,"d":"1,607"},0.1,{"v":35.49,"d":"35.5"},{"v":1745,"d":"1,745.0"},{"v":57029.4,"d":"57,029.4"}]
["Milho",{"v":1010,"d":"1,010"},0.1,{"v":31.81,"d":"31.8"},{"v":2402,"d":"2,402.0"},{"v":32132.8,"d":"32,132.8"}]
["Soja",150,{"v":2,"d":"2.0"},{"v":126.89,"d":"126.9"},{"v":1900,"d":"1,900.0"},{"v":19032.8,"d":"19,032.8"}]
["Eucalipto",232,0.1,{"v":75.68,"d":"75.7"},{"v":2240.2,"d":"2,240.2"},{"v":17558.4,"d":"17,558.4"}]
["Pinus",76,0.2,{"v":195.37,"d":"195.4"},{"v":5724,"d":"5,724.0"},{"v":14848.1,"d":"14,848.1"}]
["Feijao",458,0.1,{"v":14.89,"d":"14.9"},374.8,{"v":6821,"d":"6,821.0"}]
["Trigo",63,{"v":3,"d":"3.0"},{"v":99.05,"d":"99.1"},{"v":900,"d":"900.0"},{"v":6240.1,"d":"6,240.1"}]
["Cana-de-acucar",249,0.1,{"v":16,"d":"16.0"},{"v":968,"d":"968.0"},{"v":3982.9,"d":"3,982.9"}]
["Sorgo",7,{"v":7,"d":"7.0"},{"v":120.04,"d":"120.0"},696.3,840.3]
["Algodao",6,12.2,124.7,{"v":363,"d":"363.0"},748.2]
["Batata-inglesa (ou batata, ou batatinha)",3,{"v":30,"d":"30.0"},163.5,{"v":400,"d":"400.0"},490.5]
["Tomate envarado",37,0.1,{"v":12.44,"d":"12.4"},50.5,460.1]
["Laranja",69,0.1,{"v":6.48,"d":"6.5"},{"v":167,"d":"167.0"},{"v":447,"d":"447.0"}]
["Aveia",10,1.8,{"v":40.65,"d":"40.7"},{"v":120,"d":"120.0"},406.5]
["Capim-napier (ou capim-elefante)",149,0.1,{"v":2.49,"d":"2.5"},153.7,371.1]
["Triticale",4,24.2,80.3,{"v":121,"d":"121.0"},321.2]
["Nabica (v)",2,4.8,118.4,{"v":232,"d":"232.0"},236.8]
["Outras gramineas para pastagem",13,0.1,{"v":9.85,"d":"9.9"},67.2,128.1]
["Sorgo-forrageiro",1,{"v":120,"d":"120.0"},{"v":120,"d":"120.0"},{"v":120,"d":"120.0"},{"v":120,"d":"120.0"}]
["Abobora (ou jerimum)",19,0.1,{"v":4.88,"d":"4.9"},{"v":15,"d":"15.0"},92.8]
["Coloniao",5,0.9,18.3,{"v":78,"d":"78.0"},91.5]
["Pomar domestico",252,0.1,{"v":0.33,"d":"0.3"},2.4,82.5]
["Arroz",27,0.1,{"v":2.92,"d":"2.9"},{"v":29,"d":"29.0"},78.9]
["Cevada",1,{"v":70,"d":"70.0"},{"v":70,"d":"70.0"},{"v":70,"d":"70.0"},{"v":70,"d":"70.0"}]
["Gramas",2,{"v":2,"d":"2.0"},33.5,{"v":65,"d":"65.0"},{"v":67,"d":"67.0"}]
["Batata-doce",3,{"v":1,"d":"1.0"},{"v":10.17,"d":"10.2"},{"v":28,"d":"28.0"},30.5]
["Feijao-vagem (ou vagem, ou feijao-verde)",4,{"v":1,"d":"1.0"},{"v":6.03,"d":"6.0"},{"v":20,"d":"20.0"},24.1]
["Outras culturas temporárias",1,{"v":20,"d":"20.0"},{"v":20,"d":"20.0"},{"v":20,"d":"20.0"},{"v":20,"d":"20.0"}]
["Melancia",3,2.4,{"v":6.57,"d":"6.6"},{"v":10,"d":"10.0"},19.7]
["Caqui",4,0.3,{"v":3.58,"d":"3.6"},{"v":10,"d":"10.0"},14.3]
["Maca",1,12.1,12.1,12.1,12.1]
["Mandioca",33,0.1,{"v":0.36,"d":"0.4"},1.2,11.9]
["Horta domestica",25,0.1,{"v":0.44,"d":"0.4"},{"v":2,"d":"2.0"},{"v":11,"d":"11.0"}]
["Milho-silagem",1,9.6,9.6,9.6,9.6]
["Feijao-de-corda",1,7.9,7.9,7.9,7.9]
["Pimentao",2,0.5,{"v":3.85,"d":"3.9"},7.2,7.7]
["Tomate rasteiro",1,7.2,7.2,7.2,7.2]
["Pessego",5,0.3,{"v":0.98,"d":"1.0"},{"v":2,"d":"2.0"},4.9]
["Banana",14,0.1,{"v":0.34,"d":"0.3"},2.4,4.8]
["Tangerina",11,0.1,{"v":0.41,"d":"0.4"},1.6,4.5]
["Limao",3,0.1,1.1,2.6,3.3]
["Alface",7,0.1,{"v":0.37,"d":"0.4"},0.8,2.6]
["Ervas medicinais e aromaticas",1,2.4,2.4,2.4,2.4]
["Grao-de-bico",1,2.4,2.4,2.4,2.4]
["Milho-doce",1,{"v":2,"d":"2.0"},{"v":2,"d":"2.0"},{"v":2,"d":"2.0"},{"v":2,"d":"2.0"}]
["Araucaria (ou pinheiro-do-parana)",1,1.7,1.7,1.7,1.7]
["Pepino",4,0.1,{"v":0.43,"d":"0.4"},0.6,1.7]
["Cenoura",3,0.2,{"v":0.53,"d":"0.5"},1.2,1.6]
["Cafe",4,0.1,0.3,0.6,1.2]
["Maracuja",1,1.1,1.1,1.1,1.1]
["Cebolinha",2,0.2,{"v":0.35,"d":"0.4"},0.5,0.7]
["Cebola",1,0.6,0.6,0.6,0.6]
["Ameixa",1,0.6,0.6,0.6,0.6]
["Beterraba",3,0.1,0.2,0.3,0.6]
["Jilo",3,0.1,0.2,0.4,0.6]
["Manga",1,0.5,0.5,0.5,0.5]
["Quiabo",1,0.5,0.5,0.5,0.5]
["Abacate",2,0.1,0.2,0.3,0.4]
["Capim-jaragua",1,0.3,0.3,0.3,0.3]
["Outras olericolas",1,0.3,0.3,0.3,0.3]
["Pera",1,0.3,0.3,0.3,0.3]
["Chuchu",1,0.3,0.3,0.3,0.3]
["Couve-flor",1,0.2,0.2,0.2,0.2]
["Mandioquinha",1,0.2,0.2,0.2,0.2]
["Repolho",1,0.2,0.2,0.2,0.2]
["Brocolos (ou brocolis)",1,0.2,0.2,0.2,0.2]
["Acelga",1,0.2,0.2,0.2,0.2]
["Outras frutiferas",1,0.2,0.2,0.2,0.2]
["Palmito",1,0.1,0.1,0.1,0.1]
["Uva rustica",1,0.1,0.1,0.1,0.1]
["Fonte: Secretaria de Agricultura e Abastecimento, CDRS/IEA, Projeto LUPA."]